00590 2200229 4500001002100000005001700021008004100038035002400079082001100103090001800114100003000132245005600162250001100218260002600229300001900255650002000274850001500294980001500309985000600324999001500330999001500345YOGYA-0209000002280620090227023718.0 ind  0010-020900000022806 a343.02 a343.02bBad B aBADRULZAMAN, Mariam Darus aBab-bab tentang hypotheckcMariam Darus Badrulzaman aCet. 1 aBandungbAlumnic1980 a180 hlmc21 cm aHukum perikatan aYOPDYOG(b) a01-29-2007 a2 a06A0021852 a06A0021853